| 000 | 00740nam a22002297a 4500 | ||
|---|---|---|---|
| 003 | OSt | ||
| 005 | 20251105042502.0 | ||
| 008 | 251105b |||||||| |||| 00| 0 eng d | ||
| 020 | _a978 -971- 07-4583-8 | ||
| 040 |
_aDWCL - Main Lib _cOC |
||
| 082 |
_22nd _aFil. 899.211 A721L 2020 _bc1 |
||
| 100 | _aArkaina, Katherine B. | ||
| 245 |
_aLanguage In Literature : _bPhilippine Literature 7 / _cKatherine B. Arkaina |
||
| 260 |
_aQuezon city, Philippines : _bVibal Group , _cc2020. |
||
| 300 |
_axviii,562 p. : _bcol. ill; _c26cm. |
||
| 504 | _a1.Includes glossary | ||
| 504 | _a2.acknowledgments, | ||
| 504 | _a3.bibliography | ||
| 504 | _a4.photo credits | ||
| 650 | _aI. Philippine literature | ||
| 942 |
_2ddc _cBK - FIL _e2nd _mFil. _n0 |
||
| 999 |
_c5476 _d5476 |
||